| 000 | 00732cab a2200229 4500 | ||
|---|---|---|---|
| 001 | WB3121-03 | ||
| 008 | 090401t1995 xxu||||| |||| 00| 0 eng d | ||
| 035 | _a(Sirsi) u16527 | ||
| 041 | _aeng | ||
| 245 | _aConsultants for public work | ||
| 260 | _c1995 | ||
| 350 | _a0 | ||
| 490 |
_aBuilding _v260(7895) 2 June 1995, 10(1) |
||
| 520 | _aA Latham working party recommends extending the ConReg scheme to set up a single national register of construction consultants for all public sector projects. Local authorities oppose such a scheme. | ||
| 650 | _aCONREG | ||
| 650 | _aNATIONAL REGISTER | ||
| 650 | _aProcurement-old | ||
| 650 | _aPUBLIC SECTOR | ||
| 690 | _aBUILT ENVIRONMENT | ||
| 942 | _n0 | ||
| 948 | _c04/03/1997 | ||
| 999 |
_c10890 _d10890 |
||